000 01185nam a22002537a 4500
005 20081106101154.0
008 081106t xxu||||| |||| 00| 0 hin d
010 _aHIN-85643
020 _c200.00
_a9788190689519
035 _aHN-57989
037 _bDBAD / PUB
040 _aDPL
_bHN
082 _a230.1
100 _aमित्तल, महेन्द्र
245 _aश्रीकृष्ण चरित्र /
_cमहेन्द्र मित्तल
246 _aShrikrishna charitra
_bby Mahendra Mittal
260 _aदिल्ली
_bबैनियन ट्री पब्लिशर्स
_c2008
270 _a1376, कश्मीरी गेट,( बैक साइड) एन्ट्री
_bदिल्ली
_e110006
300 _a159 पृ.
_c22सेमी(सजिल्द)
650 _aहिन्दू पौराणिक कथा
650 _aHindu mythology
942 _2ddc
_cHN
_mमित्तल
_h230.1
999 _c20176
_d20176